1196 1963 1284 1810 1485 1309 1572 1530 1602 1456 1686 1412 1632 1108 1482 1813 1862 1266 1206 1586 1208 1567 1836 1976 1508 1991 1258 1303 1151 1318 1785 1311 1906 1793 1655 1804 1272 1644 1468 1545 1049 1171 1937 1198 1886 1721 1647 1317 1611 1665 1487 1128 1840 1868 1391 1283 1947 1749 1929 1973 1464 1485 1726 1664 1912 1602 1798 1159 1503 1944 1439 1335 1682 1270 1031 1425 1936 1606 1712 1999 1598 1022 1331 1032 1208 1730 1203 1033 1149 1495 1546 1677 1830 1142 1553 1164 1740 1546 1369 BCNSPRNW ULIB Ver.6.0+V

เปลี่ยนเป็นภาษาไทย

Change to English
 แสดงรายละเอียดบรรณานุกรม
  กลับหน้าหลัก

Brief Record : Get Marc (ISO 2709) : E-mail record : QR code < ปิดหน้าต่าง
LEADER : 00000nam 2200000uu 4500
001    13399111573
003     ULIB
008    110701s||||||||th 000 0 tha d
020    9786117042157
050 04 BQ4570^bป563พ 2552
100 0  ปาวา
245 10 พัฒนา EQ ตามแนววิถีพุทธ /^cปาวา
260    กรุงเทพฯ :^bปราชญ์,^c2552
300    154 หน้า ;^c21 ซม
505 0  คำว่า เก็บอารมณ์ คืออะไร -- เก็บอารมณ์ ข่มอารมณ์ กับความหมายที่ต่างกัน-- ทำไมต้องมีการเก็บอารมณ์ -- อุปสรรคของการเก็บอารมณ์ -- สูตรในการเก็บอารมณ์ -- คุณสมบัติของผู้เก็บอารมณ์ -- องค์ประกอบในการเก็บอารมณ์ -- การคาดหวังล่วงหน้า จะทำให้เนิ่นช้า -- การเก็บอารมณ์ ให้ดูกายมากกว่าดูจิต -- การดูจิต คือ ดูอย่างไรไม่เกิดโทษ -- สติ เป็นทุกอย่างของชีวิต -- ยกระดับจิต -- เป็นทุกข์ต้องรู้ -- จะหลับตาหรือลืมตาก็ต้องมีสติ -- เจริญสติให้เข้าใจกรรม -- การเคลื่อนไหวคือชีวิตจริง -- เตรียมกายฝึกจิตขั้นสมบูรณ์ -- ความสุขจากการพัฒนา EQ
650  7 ความฉลาดทางอารมณ์
650  7 สติ
650  7 การปฏิบัติธรรม
945    ^p135^l0^i028923
945    ^p135^l0^i028448
995    ทศพร
999 ^a ใช้งานได้ทุกระบบ
รายการนี้ยังไม่มีแท็ก
คุณยังไม่ได้ล็อกอิน คุณสามารถมีกิจกรรมร่วมกับเว็บไซต์ได้ แต่ต้องล็อกอินก่อน ::
  ล็อกอิน

รายการสื่อสารสนเทศ

ลำดับที่ ประเภท เลขเรียก/บาร์โค้ด สถานที่ สถานะ
- ไม่พบข้อมูล -

รายการใกล้เคียง
    หัวเรื่อง [ความฉลาดทางอารมณ์]
    หัวเรื่อง [สติ]
    หัวเรื่อง [การปฏิบัติธรรม]

BibComment


ยังไม่เคยถูกคอมเมนท์

คอมเมนท์ทรัพยากรรายการนี้
  คอมเมนท์: พัฒนา EQ ตามแนววิ..


 Copyright 2026. Bcnsprnw @Library